| 000 | 00590nam a22002537a 4500 | ||
|---|---|---|---|
| 003 | UA-OsUOA | ||
| 001 | 31170 | ||
| 007 | ta | ||
| 008 | 20041206b un ||||| |||| 00| 0 ukr d | ||
| 100 | _aВладыкина-Бачинская Н. М. | ||
| 090 |
_a929 _bВ57 |
||
| 942 | _cBK | ||
| 040 |
_aUA-OsUOA _brus _cUA-OsUOA _dUA-OsUOA |
||
| 245 | _aСобинов | ||
| 300 | _a301 с. | ||
| 955 | _a0 | ||
| 041 | _arus | ||
| 080 | _a929 | ||
| 260 |
_aМосква _bМолодая гвардия _c1958 |
||
| 246 | 3 | 1 |
_aВып. 9 _n |
| 044 | _aRU | ||
| 650 | 7 | _2UDC | |
| 999 |
_c317592 _d317592 |
||